000 00284nam a2200121Ia 4500
008 190216s9999||||xx |||||||||||||| ||und||
100 _aNull
245 0 _aHindi-Manipoor Ki Viboothiyam
260 _bNew Age International Publishers
300 _a42
650 _aHindi
942 _cBK
999 _c15889
_d15889